00728nam a22002057a 4500003000900000008004100009040007100050082001900121100002600140245004300166260010700209300003400316505008100350650001100431650001300442650001300455650001500468650001700483700002200500AR-CdUCM190326b ||||| |||| 00| 0 spa d aMUNICIPALIDAD PROVINCIAL DEL CUSCOcBIBLIOTECA MUNICIPAL DEL CUSCO a320.985 /bP34 aPease García, Henry aPerú 1976 :bCronología politica / aLima :bDESCO, Centro de Estudios y Promoción del Desarrollo, Área de Estudios Políticos,c1977. a1769 - 2389 paginas :c20 cm. aContenido: t.5: Enero 1976 -- El estado -- Fuerzas sociales -- Personajes... aPerú aGobierno aHistoria aCronologia aRevolución aVerme Insua, Olga